00744nai a2200181Ia 4500003000900000008004100009022002200050022002300072040001600095245005900111260008600170310001400256362003900270521006900309650004700378650004400425856009300469IN-BaIIA211028c9999 xx s 000 0 eng d a0197-5706 (Print) a2331-0839 (Online) cIIA Library 0aIRE Transactions on Industrial Electronicsh[eJournal] aNew York, USAbThe Institute of Electrical and Electronics Engineers, Inc. (IEEE) aBiannualy aPGIE-2Present 1955 - IE-9(2); 1962 bSubscribed through National Knowledge Resource Consortium (NKRC) a Components, Circuits, Devices and Systems aPower, Energy and Industry Applications uhttps://ieeexplore.ieee.org/servlet/opac?punumber=5007029yClick Here to Access eJournal